Les talents des Pokémons de la 9ème génération - Statistiques

Statistiques générales
  • Ce quiz a été pris 37 fois
  • Le résultat moyen est 233 sur 387
Statistiques - réponses
Talent Pokémon Réponse % Correct
Talent 1 Poussacha Engrais
100%
Talent 1 Matourgeon Engrais
100%
Talent 1 Miascarade Engrais
100%
Talent caché Carmadura Armurouillée
91%
Talent caché Malvalame Armurouillée
91%
Talent 1 Chochodile Brasier
91%
Talent 1 Crocogril Brasier
91%
Talent 1 Flâmigator Brasier
91%
Talent 1 Forgerette Brise Moule
91%
Talent 1 Forgella Brise Moule
91%
Talent 1 Forgelina Brise Moule
91%
Talent 1 Délestin Brise Moule
91%
Talent 1 Ogerpon (MF) Brise Moule
91%
Talent 1 Fort-Ivoire Paléosynthèse
91%
Talent 1 Hurle-Queue Paléosynthèse
91%
Talent 1 Fongus-Furie Paléosynthèse
91%
Talent 1 Flotte-Mèche Paléosynthèse
91%
Talent 1 Rampe-Ailes Paléosynthèse
91%
Talent 1 Pelage-Sablé Paléosynthèse
91%
Talent 1 Rugit-Lune Paléosynthèse
91%
Talent 1 Serpente-Eau Paléosynthèse
91%
Talent 1 Feu-Perçant Paléosynthèse
91%
Talent 1 Ire-Foudre Paléosynthèse
91%
Talent caché Scalpereur Pression
91%
Talent caché Poussacha Protéen
91%
Talent caché Matourgeon Protéen
91%
Talent caché Miascarade Protéen
91%
Talent 1 Coiffeton Torrent
91%
Talent 1 Canarbello Torrent
91%
Talent 1 Palmaval Torrent
91%
Talent 2 Terraiste Absorbe-Eau
82%
Talent 1 Ogerpon (MP) Absorbe-Eau
82%
Talent 1 Pohmotte Absorbe-Volt
82%
Talent 1 Pohmarmotte Absorbe-Volt
82%
Talent 2 Zapétrel Absorbe-Volt
82%
Talent 2 Fulgulairo Absorbe-Volt
82%
Talent 1 Roue-de-Fer Charge Quantique
82%
Talent 1 Hotte-de-Fer Charge Quantique
82%
Talent 1 Paume-de-Fer Charge Quantique
82%
Talent 1 Têtes-de-Fer Charge Quantique
82%
Talent 1 Mite-de-Fer Charge Quantique
82%
Talent 1 Épine-de-Fer Charge Quantique
82%
Talent 1 Garde-de-Fer Charge Quantique
82%
Talent 1 Vert-de-Fer Charge Quantique
82%
Talent 1 Roc-de-Fer Charge Quantique
82%
Talent 1 Chef-de-Fer Charge Quantique
82%
Talent 1 Pimito Chlorophylle
82%
Talent 1 Scovilain Chlorophylle
82%
Talent 1 Nigirigon Commandant
82%
Talent 1 Gromago Corps en Or
82%
Talent 1 Pondralugon Endurance
82%
Talent caché Chochodile Inconscient
82%
Talent caché Crocogril Inconscient
82%
Talent caché Flâmigator Inconscient
82%
Talent 1 Oyacata Inconscient
82%
Talent caché Terraiste Inconscient
82%
Talent 1 Tapatoès (V/B) Intimidation
82%
Talent 1 Tapatoès (J/B) Intimidation
82%
Talent 1 Grondogue Intimidation
82%
Talent 1 Dogrino Intimidation
82%
Talent 1 Miraidon Moteur à Hadrons
82%
Talent 1 Pohm Statik
82%
Talent 2 Têtampoule Statik
82%
Talent 2 Ampibidou Statik
82%
Talent 1 Superdofin Supermutation
82%
Talent 1 Charbambin Torche
82%
Talent 1 Carmadura Torche
82%
Talent 1 Malvalame Torche
82%
Talent caché Flotillon Turbo
82%
Talent caché Cléopsytra Turbo
82%
Talent 1 Félicanis Chaîne Toxique
73%
Talent 1 Fortusimia Chaîne Toxique
73%
Talent 1 Favianos Chaîne Toxique
73%
Talent 1 Germéclat Dépôt Toxique
73%
Talent 1 Floréclat Dépôt Toxique
73%
Talent 1 Baojian Épée du Fléau
73%
Talent 2 Scalpereur Général Suprême
73%
Talent caché Farigiraf Herbivore
73%
Talent caché Coiffeton Impudence
73%
Talent caché Canarbello Impudence
73%
Talent caché Palmaval Impudence
73%
Talent caché Gourmelet Isograisse
73%
Talent caché Fragroin (M) Isograisse
73%
Talent caché Fragroin (F) Isograisse
73%
Talent 1 Piétacé Isograisse
73%
Talent 1 Balbalèze Isograisse
73%
Talent caché Nigirigon Lavabo
73%
Talent 1 Koraidon Pouls Orichalque
73%
Talent caché Compagnol Tempo Perso
73%
Talent 1 Pâtachiot Tempo Perso
73%
Talent 1 Têtampoule Tempo Perso
73%
Talent 2 Forgerette Tempo Perso
73%
Talent 2 Forgella Tempo Perso
73%
Talent 2 Forgelina Tempo Perso
73%
Talent 1 Dinglu Urne du Fléau
73%
Talent 1 Ferdeter Absorbe-Terre
64%
Talent caché Courrousinge Acharné
64%
Talent 1 Scalpereur Acharné
64%
Talent 1 Ogerpon (MT) Acharné
64%
Talent 1 Virovent Aéroporté
64%
Talent 1 Virevorreur Aéroporté
64%
Talent 2 Oyacata Benêt
64%
Talent 1 Briochien Bien Cuit
64%
Talent 1 Chongjian Bois du Fléau
64%
Talent caché Charbambin Corps Ardent
64%
Talent caché Frigodo Corps Gel
64%
Talent caché Cryodo Corps Gel
64%
Talent caché Glaivodo Corps Gel
64%
Talent 1 Lilliterelle Essaim
64%
Talent 1 Gambex Essaim
64%
Talent 2 Selutin Fermeté
64%
Talent 2 Amassel Fermeté
64%
Talent 2 Gigansel Fermeté
64%
Talent 1 Ogerpon (MP) Fermeté
64%
Talent 2 Pondralugon Fermeté
64%
Talent 1 Ampibidou Grecharge
64%
Talent caché Poltchageist Ignifugé
64%
Talent caché Théffroyable Ignifugé
64%
Talent caché Lilliterelle Lentiteintée
64%
Talent caché Gambex Lentiteintée
64%
Talent 1 Fragroin (M) Odeur Tenace
64%
Talent 1 Yuyu Perles du Fléau
64%
Talent caché Pohm Poing de Fer
64%
Talent caché Pohmotte Poing de Fer
64%
Talent caché Pohmarmotte Poing de Fer
64%
Talent 1 Terraiste Point Poison
64%
Talent 1 Taupikeau Poisseux
64%
Talent 1 Triopikeau Poisseux
64%
Talent 1 Flamenroule Querelleur
64%
Talent caché Olivini Récolte
64%
Talent caché Olivado Récolte
64%
Talent caché Arboliva Récolte
64%
Talent caché Craparoi Régé-Force
64%
Talent caché Motorizard Régé-Force
64%
Talent 2 Pomdorochi Régé-Force
64%
Talent 1 Selutin Sel Purificateur
64%
Talent 1 Amassel Sel Purificateur
64%
Talent 1 Gigansel Sel Purificateur
64%
Talent 2 Tag-Tag Toxitouche
64%
Talent 2 Farigiraf Armure Caudale
55%
Talent 2 Courrousinge Attention
55%
Talent 1 Poltchageist Aux Petits Soins
55%
Talent 1 Théffroyable Aux Petits Soins
55%
Talent caché Zapétrel Battant
55%
Talent caché Fulgulairo Battant
55%
Talent 2 Piétacé Chasse-Neige
55%
Talent 2 Balbalèze Chasse-Neige
55%
Talent 2 Craparoi Coque Armure
55%
Talent caché Germéclat Corrosion
55%
Talent caché Floréclat Corrosion
55%
Talent caché Tapatoès (V/B) Cran
55%
Talent 1 Gribouraigne Délestage
55%
Talent 1 Tag-Tag Délestage
55%
Talent 1 Pêchaminus Emprise Toxique
55%
Talent 1 Courrousinge Esprit Vital
55%
Talent caché Vrombotor Filtre
55%
Talent 2 Flotillon Fouille
55%
Talent 2 Cléopsytra Fouille
55%
Talent caché Fortusimia Fouille
55%
Talent 1 Compagnol Fuite
55%
Talent 2 Grondogue Fuite
55%
Talent 2 Deusolourdo Fuite
55%
Talent 1 Mordudor (M) Fuite
55%
Talent 2 Gourmelet Gloutonnerie
55%
Talent 2 Fragroin (M) Gloutonnerie
55%
Talent 2 Fragroin (F) Gloutonnerie
55%
Talent 2 Pomdramour Gloutonnerie
55%
Talent caché Pomdramour Glu
55%
Talent caché Pomdorochi Glu
55%
Talent 1 Tissenboule Insomnia
55%
Talent 1 Filentrappe Insomnia
55%
Talent 2 Pimito Insomnia
55%
Talent 2 Scovilain Insomnia
55%
Talent 1 Léboulérou Œil Composé
55%
Talent 2 Taupikeau Phobique
55%
Talent 2 Triopikeau Phobique
55%
Talent caché Deusolourdo Phobique
55%
Talent 1 Mordudor (C) Phobique
55%
Talent 2 Gribouraigne Pickpocket
55%
Talent caché Forgerette Pickpocket
55%
Talent caché Forgella Pickpocket
55%
Talent caché Forgelina Pickpocket
55%
Talent caché Lestombaile Porte-Roche
55%
Talent 2 Compagnol Ramassage
55%
Talent 1 Toutombe Ramassage
55%
Talent 2 Lestombaile Regard Vif
55%
Talent caché Tapatoès (J/B) Sans Limite
55%
Talent caché Piétacé Sans Limite
55%
Talent caché Balbalèze Sans Limite
55%
Talent 1 Arboliva Semencier
55%
Talent 1 Deusolourdo Sérénité
55%
Talent caché Famignol Technicien
55%
Talent caché Favianos Technicien
55%
Talent 1 Terapagos (T) Téra-Carapace
55%
Talent 1 Terapagos (S) Téraformation 0
55%
Talent 1 Frigodo Thermodynamique
55%
Talent 1 Cryodo Thermodynamique
55%
Talent 1 Glaivodo Thermodynamique
55%
Talent caché Taupikeau Voile Sable
55%
Talent caché Triopikeau Voile Sable
55%
Talent caché Ferdeter Voile Sable
55%
Talent 2 Poussacha X
55%
Talent 2 Matourgeon X
55%
Talent 2 Miascarade X
55%
Talent 2 Chochodile X
55%
Talent 2 Crocogril X
55%
Talent 2 Flâmigator X
55%
Talent 2 Coiffeton X
55%
Talent 2 Canarbello X
55%
Talent 2 Palmaval X
55%
Talent 2 Tissenboule X
55%
Talent 2 Filentrappe X
55%
Talent 2 Lilliterelle X
55%
Talent 2 Gambex X
55%
Talent 2 Pâtachiot X
55%
Talent 2 Briochien X
55%
Talent 2 Olivini X
55%
Talent 2 Olivado X
55%
Talent 2 Arboliva X
55%
Talent 2 Charbambin X
55%
Talent 2 Carmadura X
55%
Talent 2 Malvalame X
55%
Talent 2 Virovent X
55%
Talent 2 Virevorreur X
55%
Talent 2 Terracool X
55%
Talent caché Terracool X
55%
Talent 2 Terracruel X
55%
Talent caché Terracruel X
55%
Talent 2 Léboulérou X
55%
Talent 2 Bérasca X
55%
Talent 2 Dofin X
55%
Talent caché Dofin X
55%
Talent 2 Superdofin X
55%
Talent caché Superdofin X
55%
Talent 2 Vrombi X
55%
Talent 2 Vrombotor X
55%
Talent 2 Motorizard X
55%
Talent 2 Ferdeter X
55%
Talent 2 Germéclat X
55%
Talent 2 Floréclat X
55%
Talent 2 Toutombe X
55%
Talent 2 Tomberro X
55%
Talent 2 Délestin X
55%
Talent 2 Nigirigon X
55%
Talent 2 Fort-Ivoire X
55%
Talent caché Fort-Ivoire X
55%
Talent 2 Hurle-Queue X
55%
Talent caché Hurle-Queue X
55%
Talent 2 Fongus-Furie X
55%
Talent caché Fongus-Furie X
55%
Talent 2 Flotte-Mèche X
55%
Talent caché Flotte-Mèche X
55%
Talent 2 Rampe-Ailes X
55%
Talent caché Rampe-Ailes X
55%
Talent 2 Pelage-Sablé X
55%
Talent caché Pelage-Sablé X
55%
Talent 2 Roue-de-Fer X
55%
Talent caché Roue-de-Fer X
55%
Talent 2 Hotte-de-Fer X
55%
Talent caché Hotte-de-Fer X
55%
Talent 2 Paume-de-Fer X
55%
Talent caché Paume-de-Fer X
55%
Talent 2 Têtes-de-Fer X
55%
Talent caché Têtes-de-Fer X
55%
Talent 2 Mite-de-Fer X
55%
Talent caché Mite-de-Fer X
55%
Talent 2 Épine-de-Fer X
55%
Talent caché Épine-de-Fer X
55%
Talent 2 Frigodo X
55%
Talent 2 Cryodo X
55%
Talent 2 Glaivodo X
55%
Talent 2 Mordudor (C) X
55%
Talent caché Mordudor (C) X
55%
Talent 2 Mordudor (M) X
55%
Talent caché Mordudor (M) X
55%
Talent 2 Gromago X
55%
Talent caché Gromago X
55%
Talent 2 Chongjian X
55%
Talent caché Chongjian X
55%
Talent 2 Baojian X
55%
Talent caché Baojian X
55%
Talent 2 Dinglu X
55%
Talent caché Dinglu X
55%
Talent 2 Yuyu X
55%
Talent caché Yuyu X
55%
Talent 2 Rugit-Lune X
55%
Talent caché Rugit-Lune X
55%
Talent 2 Garde-de-Fer X
55%
Talent caché Garde-de-Fer X
55%
Talent 2 Koraidon X
55%
Talent caché Koraidon X
55%
Talent 2 Miraidon X
55%
Talent caché Miraidon X
55%
Talent 2 Serpente-Eau X
55%
Talent caché Serpente-Eau X
55%
Talent 2 Vert-de-Fer X
55%
Talent caché Vert-de-Fer X
55%
Talent 2 Poltchageist X
55%
Talent 2 Théffroyable X
55%
Talent 2 Félicanis X
55%
Talent 2 Fortusimia X
55%
Talent 2 Favianos X
55%
Talent 2 Ogerpon (MT) X
55%
Talent caché Ogerpon (MT) X
55%
Talent 2 Ogerpon (MP) X
55%
Talent caché Ogerpon (MP) X
55%
Talent 2 Ogerpon (MF) X
55%
Talent caché Ogerpon (MF) X
55%
Talent 2 Ogerpon (MP) X
55%
Talent caché Ogerpon (MP) X
55%
Talent 2 Ogerpon (T) X
55%
Talent caché Ogerpon (T) X
55%
Talent 2 Feu-Perçant X
55%
Talent caché Feu-Perçant X
55%
Talent 2 Ire-Foudre X
55%
Talent caché Ire-Foudre X
55%
Talent 2 Roc-de-Fer X
55%
Talent caché Roc-de-Fer X
55%
Talent 2 Chef-de-Fer X
55%
Talent caché Chef-de-Fer X
55%
Talent 2 Terapagos X
55%
Talent caché Terapagos X
55%
Talent 2 Terapagos (T) X
55%
Talent caché Terapagos (T) X
55%
Talent 2 Terapagos (S) X
55%
Talent caché Terapagos (S) X
55%
Talent 2 Pêchaminus X
55%
Talent caché Pêchaminus X
55%
Talent 1 Gourmelet Aroma-Voile
45%
Talent 1 Fragroin (F) Aroma-Voile
45%
Talent caché Briochien Aroma-Voile
45%
Talent 1 Tomberro Baigne Sable
45%
Talent 2 Dogrino Chien de Garde
45%
Talent caché Félicanis Chien de Garde
45%
Talent caché Selutin Corps Sain
45%
Talent caché Amassel Corps Sain
45%
Talent caché Gigansel Corps Sain
45%
Talent caché Gribouraigne Farceur
45%
Talent caché Tag-Tag Farceur
45%
Talent caché Tissenboule Filature
45%
Talent caché Filentrappe Filature
45%
Talent caché Grondogue Filature
45%
Talent caché Dogrino Filature
45%
Talent 1 Terracool Force Fongique
45%
Talent 1 Terracruel Force Fongique
45%
Talent 1 Ogerpon (T) Force Mémorielle
45%
Talent 1 Famignol Garde-Ami
45%
Talent 1 Dofin Ignifu-Voile
45%
Talent caché Oyacata Ignifu-Voile
45%
Talent caché Délestin Incisif
45%
Talent caché Virovent Infiltration
45%
Talent caché Virevorreur Infiltration
45%
Talent caché Têtampoule Moiteur
45%
Talent caché Ampibidou Moiteur
45%
Talent 1 Pomdramour Nectar Mielleux
45%
Talent 1 Pomdorochi Nectar Mielleux
45%
Talent 1 Farigiraf Ruminant
45%
Talent 1 Bérasca Synchro
45%
Talent 1 Terapagos Téramorphose
45%
Talent 2 Tapatoès (V/B) Agitation
36%
Talent 2 Tapatoès (J/B) Agitation
36%
Talent 1 Flotillon Anticipation
36%
Talent 2 Famignol Bajoues
36%
Talent caché Toutombe Boule de Poils
36%
Talent caché Tomberro Boule de Poils
36%
Talent 1 Lestombaile Cœur de Coq
36%
Talent caché Flamenroule Collab
36%
Talent 1 Craparoi Courroupace
36%
Talent caché Vrombi Début Calme
36%
Talent caché Scovilain Lunatique
36%
Talent 1 Olivini Matinal
36%
Talent 1 Olivado Matinal
36%
Talent 2 Pohm Médic Nature
36%
Talent 2 Pohmotte Médic Nature
36%
Talent 2 Pohmarmotte Médic Nature
36%
Talent caché Pondralugon Nerfs d'Acier
36%
Talent 2 Flamenroule Pieds Confus
36%
Talent caché Bérasca Télépathe
36%
Talent 1 Vrombi Envelocape
27%
Talent 1 Vrombotor Envelocape
27%
Talent caché Pâtachiot Maladresse
27%
Talent caché Pimito Maladresse
27%
Talent caché Léboulérou Mue
27%
Talent 1 Motorizard Mue
27%
Talent 1 Cléopsytra Opportuniste
27%
Talent 1 Zapétrel Turbine Éolienne
27%
Talent 1 Fulgulairo Turbine Éolienne
27%
Aucun quiz correspondant
Distribution des résultats
% des personnes avec chaque résultat
Percentile par nombre de réponses
Votre historique - résultats
Vous n’avez pas pris ce quiz